| 000 | 00541nam a22001817a 4500 | ||
|---|---|---|---|
| 005 | 20251108164842.0 | ||
| 008 | 250721s1979 xx 000 0 ara d | ||
| 082 | 1 | 4 | _a891.5/فرى |
| 100 | 1 | _aالنيسابورى، فريد الدين العطار | |
| 245 | 1 | 0 | _aمنطق الطير / |
| 250 | _aط2. | ||
| 264 | 1 |
_aبيروت : _bدار الأندلس، _c1979. |
|
| 300 | _a463ص. : فهارس | ||
| 650 | 1 | 7 | _aالأدب الفارسي |
| 700 | 1 |
_aجمعه، بديع محمد _eترجمة |
|
| 942 |
_2ddc _cBK |
||
| 999 |
_c15900 _d15900 |
||